Équipe de France de Rugby - Coupe du monde 2023. - Statistiques

Statistiques générales
  • Ce quiz a été pris 990 fois
    777 depuis la dernière actualisation
  • Le résultat moyen est 26 sur 33
Statistiques - réponses
Poste Joueur % Correct
Demi de mêlée Antoine Dupont
97%
Arrière Thomas Ramos
94%
Demi d'ouverture Matthieu Jalibert
92%
Maxime Lucu
92%
Ailier Damian Penaud
91%
Centre Gaël Fickou
90%
Talonneur Julien Marchand
90%
Péato Mauvaka
90%
Uini Atonio
90%
Pilier Cyril Baille
89%
3e ligne centre Grégory Alldritt
88%
3e ligne aile Charles Ollivon
83%
Louis Bielle-Biarrey
82%
Melvyn Jaminet
81%
Thibaut Flament
81%
François Cros
80%
Jonathan Danty
79%
Yoram Moefana
79%
Anthony Jelonch
78%
Gabin Villière
78%
Anthony Hastoy
77%
Baptiste Couilloud
76%
Cameron Woki
74%
Jean-Baptiste Gros
72%
Sekou Macalou
70%
Dorian Aldegheri
69%
Pierre Bourgarit
69%
2e ligne Romain Taofifénua
68%
Reda Wardi
66%
Arthur Vincent
63%
Paul Boudehent
61%
Bastien Chalureau
49%
Sipili Falatea
48%
Aucun quiz correspondant
Distribution des résultats
% des personnes avec chaque résultat
Percentile par nombre de réponses
Votre historique - résultats
Vous n’avez pas pris ce quiz depuis la dernière actualisation